[Event "POL-chT 66th"]
[Site "Katowice"]
[Date "2010.09.06"]
[Round "3"]
[White "Socko, Monika"]
[Black "Dworakowska, Joanna"]
[Result "1-0"]
[WhiteElo "2486"]
[BlackElo "2315"]
[Annotator "RR"]
[PlyCount "87"]
[EventDate "2010.09.04"]
[EventType "team-tourn"]
[EventRounds "9"]
[EventCountry "POL"]
[SourceTitle "EXT 2016"]
[Source "ChessBase"]
[SourceDate "2015.10.08"]
[SourceVersion "1"]
[SourceVersionDate "2015.10.08"]
[SourceQuality "1"]
[WhiteTeam "Katowice Szopienice"]
[BlackTeam "Wroclaw"]
[WhiteTeamCountry "POL"]
[BlackTeamCountry "POL"]

1. d4 g6 2. c4 Bg7 3. e4 d6 4. Nc3 e5 5. Nf3 exd4 (5... Nc6 6. Bg5 f6 7. Be3
Nh6 8. h3 Nf7 9. c5 dxc5 10. dxe5 Nfxe5 11. Nxe5 fxe5 12. Bb5 {Giri,A (2784)
-Carlsen,M (2862) Tata Steel-A 77th 2015 (1) 1/2}) 6. Nxd4 Nc6 7. Be3 Nge7 8.
Be2 (8. h4 {La ligne critique dans cette défense moderne} f5 9. h5) 8... O-O
9. O-O (9. h4) (9. Qd2) 9... f5 10. Nxc6 bxc6 11. Bd4 Bxd4 (11... c5 12. Bxg7
Kxg7 13. Qd2 Rb8 $132) 12. Qxd4 c5 13. Qd2 Bb7 (13... Rb8 $5) 14. Bf3 (14. exf5
Nxf5 15. Bd3 Qh4 16. f4 Rae8 17. Rae1 Nd4 18. Re3 Bc6 19. Be4 Bxe4 20. Nxe4 Re6
21. Ng5 Rxe3 22. Qxe3 Rxf4 23. Qe8+ Kg7 24. Rxf4 Qxf4 25. Qd7+ Kf8 26. Qd8+ {
1/2-1/2 (26) Rakhmanov,A (2543)-Klimov,S (2521) Dagomys 2009}) 14... Rb8 15.
Rae1 f4 {[%csl Rf3]} 16. b3 g5 $146 (16... Nc6 17. e5 Nd4 18. Bxb7 Rxb7 19.
exd6 Qxd6 20. Ne4 Qb6 21. f3 Rbb8 22. Nc3 Qd6 23. Rd1 Rbd8 24. Qf2 Rfe8 25.
Rfe1 Rxe1+ 26. Rxe1 Ne6 27. h3 Kf7 28. Rd1 Qe5 29. Rxd8 Nxd8 30. Ne4 Ne6 31.
Kh2 g5 32. Qd2 Qd4 33. Qc2 Kg7 34. Nc3 Qe5 35. Ne4 Qd4 36. Nc3 Qe5 37. Ne4 Qd4
{1/2-1/2 (37) Zivanic,M (2471)-Bercys,S (2434) Indianapolis 2009}) 17. e5 $5 {
Une décision intéressante mais très risquée: le Bf3 était assez passif et
il était sous la menace d'une marée de P à l'aile-roi mais après
l'échange le N Noir peut s'activer} (17. Bg4) 17... Bxf3 18. gxf3 Nf5 $1 $132
{[%csl Gf5][%cal Gf5d4,Gf5h4]} 19. Qd5+ {[%cal Gd5f3,Gd5g8]} Kh8 20. Kh1 Nd4 {
[%cal Gd4f3,Gc7c6]} (20... Nh4) 21. exd6 Qxd6 (21... cxd6 $5) 22. Qe4 Rf5 23.
Nb5 {[%csl Ra7,Rd6]} Qf6 24. Nxc7 Rf8 25. Nb5 {[%cal Gb5a7,Gb5d4] Après
l'échange du fort Nd4, les Noirs vont commencer à manquer de compensations} (
25. Nd5 $143) 25... Rd8 26. Nxd4 cxd4 27. Qd3 $1 $16 {[%csl Rd4][%cal Ge1e4]}
Re5 28. Rxe5 (28. Re4) 28... Qxe5 29. Rd1 g4 $2 30. fxg4 Qe6 31. Qf3 $18 Qd6
32. Rd3 Qe5 33. Kg2 Rg8 34. h3 Rd8 35. b4 h5 36. Qc6 Kh7 37. Kf3 Re8 38. Qd7+
Kh6 39. Qf5 hxg4+ 40. hxg4 Qe1 41. Qxf4+ Kg6 42. Kg2 Rh8 43. Qf5+ Kg7 44. Qg5+
1-0

[Event "Sautron op 13th"]
[Site "Sautron"]
[Date "2013.10.28"]
[Round "4"]
[White "Roiz, Michael"]
[Black "Haub, Thorsten Michael"]
[Result "1/2-1/2"]
[WhiteElo "2614"]
[BlackElo "2455"]
[Annotator "RR"]
[PlyCount "69"]
[EventDate "2013.10.26"]
[EventType "swiss"]
[EventRounds "9"]
[EventCountry "FRA"]
[SourceTitle "EXT 2014"]
[Source "ChessBase"]
[SourceDate "2013.11.20"]
[SourceVersion "1"]
[SourceVersionDate "2013.11.20"]
[SourceQuality "1"]
[TimeControl "40/5400+30:1800+30"]
[WhiteClock "1:30:00"]
[BlackClock "1:30:00"]

1. d4 {[%emt 0:00:00]} g6 {[%emt 0:00:00]} 2. e4 {[%emt 0:00:03]} Bg7 {[%emt 0:
00:00]} 3. c4 {[%emt 0:00:39]} d6 {[%emt 0:00:02]} 4. Nc3 {[%emt 0:00:18]} Nd7
{[%emt 0:00:26]} (4... e5 {Plus agressif} 5. Nf3 Nc6 (5... Bg4 6. d5 a5 7. Be2
$14) 6. d5 (6. Bg5 f6) 6... Nce7 7. h4 $1 (7. Be2) 7... Nf6 (7... h6 8. h5 g5
9. Be2 f5 10. exf5 Bxf5 11. Be3 Nf6 12. Nd2 O-O 13. f3 Bh7 14. g4) 8. Be2 O-O
9. Be3 Ng4 10. Bd2 c6) 5. Nf3 {[%emt 0:00:38]} e6 {[%emt 0:00:12]} 6. Be3 {
[%emt 0:01:44]} Ne7 {[%emt 0:00:09]} 7. Qd2 {[%emt 0:01:44]} h6 {[%emt 0:00:06]
} 8. Be2 {[%emt 0:00:09]} a6 {[%emt 0:00:20]} 9. O-O {[%emt 0:00:52]} f5 {
[%emt 0:00:34]} 10. exf5 {[%emt 0:00:48]} Nxf5 {[%emt 0:11:54]} 11. Bd3 {
[%emt 0:02:12]} Qf6 {[%emt 0:00:07]} 12. c5 $5 $146 {[%emt 0:01:21]} (12. Rfe1
O-O 13. Re2 g5 14. Ne4 Qe7 15. Ng3 Qf7 16. Bc2 Nf6 17. Qd3 b5 18. b3 Nxg3 19.
hxg3 Bb7 20. Bd2 Rad8 21. Bb4 bxc4 22. bxc4 c5 23. Ba5 Rc8 24. Rae1 Rfe8 25.
dxc5 e5 26. Qxd6 e4 27. Nh2 Bf8 28. Qd1 Bxc5 29. Bc3 e3 30. fxe3 Ne4 31. Bd4
Red8 32. Ng4 Qe6 33. Bxe4 Bxe4 34. Nf6+ Kf7 35. Rf2 Ke7 36. Nxe4 {1-0 (36)
Evdokimov,A (2500)-Haub,T (2469) Pardubice 2006}) (12. Ne4 Qf7 13. Rae1 O-O)
12... O-O {[%emt 0:03:32]} 13. cxd6 {[%emt 0:02:52]} cxd6 {[%emt 0:02:10]} 14.
Bxf5 $5 {[%emt 0:11:04]} gxf5 {[%emt 0:01:01]} 15. Bf4 {[%emt 0:00:17]} Kh7 $5
{[%emt 0:12:15][%cal Gf8g8,Gg8g2]} (15... e5 $6 16. Nd5) 16. Bxd6 {[%emt 0:01:
18]} Rg8 {[%emt 0:00:06]} 17. Rfe1 $16 {[%emt 0:05:55]} Qg6 {[%emt 0:06:19]}
18. Bg3 {[%emt 0:08:05]} Nf6 {[%emt 0:03:19]} 19. Ne5 {[%emt 0:06:27][%csl Ge5]
} Qh5 {[%emt 0:01:03]} 20. Rac1 $32 {[%emt 0:06:23][%csl Ra8,Rc8,Re6]} b5 {
[%emt 0:02:37]} 21. Nd3 $1 {[%emt 0:02:23][%csl Re6][%cal Gd3c5]} Ra7 {[%emt 0:
02:57]} 22. Nc5 {[%emt 0:05:50]} Qf7 {[%emt 0:02:36]} 23. Ne2 {[%emt 0:05:42]}
h5 {[%emt 0:02:15]} 24. Rcd1 {[%emt 0:04:59]} (24. Nf4 $143 Bh6 {[%csl Rd2]
[%cal Gh6c1]}) (24. Be5 Bh6 25. Nf4 Nd5 (25... Qg7 26. f3 {[%cal Gd2g2]}) 26.
Ncd3) 24... Nd5 {[%emt 0:06:20]} 25. Nc3 {[%emt 0:02:00]} Bh6 {[%emt 0:00:21]}
26. Qd3 {[%emt 0:01:18]} h4 {[%emt 0:01:19]} (26... Qg6 $142 {[%cal Gg6g2,
Gh5h4]}) 27. Be5 {[%emt 0:01:14]} Qg6 {[%emt 0:02:50]} 28. Qf3 {[%emt 0:03:10]}
Nb6 {[%emt 0:00:41][%cal Gb6c4]} 29. Ne2 {[%emt 0:05:31]} (29. b3 Rf7) 29...
Nc4 {[%emt 0:04:05]} 30. b3 {[%emt 0:05:32]} Nxe5 {[%emt 0:07:31]} 31. dxe5 {
[%emt 0:00:14]} b4 {[%emt 0:00:07]} 32. Rd4 {[%emt 0:02:00]} Rc7 {[%emt 0:00:
36]} 33. Rc4 {[%emt 0:00:16]} Rgg7 {[%emt 0:00:06]} 34. g3 {[%emt 0:07:54]}
Rxc5 {[%emt 0:05:44]} 35. Rxc5 {[%emt 0:00:12]} 1/2-1/2

[Event "Olympiad-36"]
[Site "Mallorca"]
[Date "2004.10.17"]
[Round "3"]
[White "Agrest, Evgenij"]
[Black "Morozevich, Alexander"]
[Result "0-1"]
[WhiteElo "2604"]
[BlackElo "2758"]
[Annotator "Ramirez Alvarez,A"]
[PlyCount "80"]
[EventDate "2004.10.15"]
[EventType "team-swiss"]
[EventRounds "14"]
[EventCountry "ESP"]
[SourceTitle "CBM 104"]
[Source "ChessBase"]
[SourceDate "2005.01.27"]
[SourceVersion "1"]
[SourceVersionDate "2005.01.27"]
[SourceQuality "1"]
[WhiteTeam "Sweden"]
[BlackTeam "Russia"]
[WhiteTeamCountry "SWE"]
[BlackTeamCountry "RUS"]

1. d4 g6 {The modern defence, many GM's use this as black to beat up on
inferior opponents, trying to steer them out of theory as soon as possible.
This is quite normal, but Agrest is not what many people can call an "inferior
opponent"!} 2. e4 Bg7 3. c4 d6 4. Nc3 e5 {This has no name that I know of, but
the accelerated kings indian defence sounds nice.} 5. dxe5 $6 {Agrest seems
not to be up for the challenge. This moves seems quite bad to me.} (5. Nf3 {
Is the normal move, when white has an edge.}) 5... dxe5 6. Qxd8+ Kxd8 {Despite
that blacks bishop is hitting his own pawn, that his king won't ever castle,
and that white can give two consecutive checks with development, I belive that
only black can be better. Let me explain: d4 is a very weak square, mean while
c6 will cover d5 easily. Black's king is not in any real danger, and will find
a comfortable shelter soon, probably on c7. White has no real plan, and
nothing he can actually attack.} 7. f4 {I'm not sure what the point of this
really is. Black of course won't take on f4 now, but in the future this will
leave white with an isolani on e4.} Be6 {Just simple, pure development.} 8. Nf3
{Ng5 is not a real threat, so} Nc6 9. Kf2 {Another bizzare move, it is
difficult to understand just what Agrest is playing for.} (9. Ng5 Nd4 {Was
more then ok for black.}) (9. Be3 {This seemed quite more natural, with the
idea of long castle and Ng5 or something.}) 9... Nf6 $1 {It turns out that it
is whites king who is exposed, he cant really do without h3 at some moment,
but that would weaken his dark squares.} 10. Be2 h6 {Cutting off any Ng5
nonsense.} 11. h3 {Cutting out any Ng4 nonsense too, but at a price, here
whites dark squares on the king side are terribly weak.} Kc8 {Well, the king
has to go SOMEWHERE, and the center isn't exactly it.} 12. g3 {Trying to solve
at least some of the problems on the king side, meanwhile Morozevich creates
simple manouvres, improving his position.} Nd7 $1 {A nice move, it is too
early to commit the king (to b7 or a7), meanwhile the N has a very comfortable
square on c5, and it opens up the diagonal for the dark squared bishop.} 13.
Kg2 (13. Be3 {Was more natural here too, but.} Nd4 $15 {And black has a pull.})
13... exf4 14. gxf4 Bxc3 $1 {Perhaps this is somewhate typical, but it is
nevertheless very strong. White's ruined queenside finishes off a terrible
pawn structure. White will have 4 isolanis, and two hanging pawns in the
center. All that has been payed for is the pair of bishops, but looking at the
one on e2 one realizes that this provides no compensation whatsoever.} 15. bxc3
Na5 {Hitting the weak ones.} 16. Nd2 {Oh so aweful to make such a move! But
what else was there?} c5 $17 {Fixing the pawns, and giving c7 to the king.} 17.
Ba3 Kc7 18. Rae1 b6 19. Rhf1 f5 $1 {A nice move! Black switches to the
kingside for a while, securing more weaknesses, utilizing the f act that white
can't open the position there too much, since his king would be very weak.} 20.
Bd3 (20. e5 g5 {And it is not so easy to find a move here for white, since} 21.
Kg3 Nf8 $1 {is very strong.}) 20... Rhe8 21. Bc1 Rad8 22. Rf3 Nf6 {White has
two aweful choices: play e5, and come under severe pressure after Nh5-g5, or
lose the pawn inmediately. It is incredible that white has such an ugly
position after only 22 moves!} 23. Kf2 fxe4 $19 24. Nxe4 Bxc4 {Tactics easily
work out, so black is just a pawn up.} 25. Nxf6 Rxe1 26. Kxe1 Bxd3 {The
opposite colored bishops give white no relieve, since there are other pieces
on the board, and white is still saddled with many weaknesses.} 27. f5 {
Forced, otherwise white bishop on c1 would turn to a big pawn, but blacks is
winnign after this.} Bxf5 28. Bxh6 Rh8 29. Bf4+ Kc6 {h3 is falling down.} 30.
Re3 Rh4 $1 {and so is a2!} 31. Bg3 Ra4 32. Re7 (32. Re2 Ra3 {AND c3!}) 32...
Nc4 33. Rc7+ Kb5 34. Rh7 Rxa2 {White is two pawns down, and suddenly his king
is also in mortal danger.} 35. Nd5 a5 36. h4 Be4 37. Nc7+ Ka4 38. Re7 Bf3 39.
Re6 Kb3 40. Rxg6 Re2+ 0-1

[Event "Excelsior Cup"]
[Site "Gothenburg"]
[Date "2004.01.12"]
[Round "5"]
[White "Gavrikov, Viktor"]
[Black "Bellon Lopez, Juan Manuel"]
[Result "1-0"]
[WhiteElo "2565"]
[BlackElo "2429"]
[Annotator "Ribli,Z"]
[PlyCount "81"]
[EventDate "2004.01.06"]
[EventType "tourn"]
[EventRounds "9"]
[EventCountry "SWE"]
[EventCategory "9"]
[SourceTitle "CBM 099"]
[Source "ChessBase"]
[SourceDate "2004.03.30"]
[SourceVersion "1"]
[SourceVersionDate "2004.03.30"]
[SourceQuality "1"]

1. c4 g6 2. d4 Bg7 3. Nf3 d6 4. Nc3 Nd7 {Dieser Springerzug führt zu einer
passiven Stellung. Nach meiner Meinung ist die beste Fortsetzung für Schwarz 4.
..Nf6, wonach wir die Königsindische Verteidigung erhalten. Die Alternativen 4.
..Bg4 und 4...e5 kommen auch in Betracht.} 5. e4 c6 6. Be2 e5 7. O-O Ne7 (7...
Nh6 8. Rb1 O-O 9. b4 $14) 8. Be3 O-O 9. Qd2 exd4 $6 {Dieser Zug gefällt mir
nicht - mit 9...exd4 gibt Schwarz seinen Zentrumsbauern auf und der weiße
Raumvorteil wird fühlbarer.} (9... Qc7 10. Bh6 (10. Rad1 exd4 11. Nxd4 Ne5 12.
f4 Ng4 13. Bxg4 Bxg4 14. Rde1 Rad8 15. f5 gxf5 16. exf5 Qd7 17. f6 {1-0
Miljanic,B-Batricevic,D/Tivat 1995/EXT 2000 (17)}) 10... exd4 11. Bxg7 Kxg7 12.
Qxd4+ Kg8 13. Rfd1 Ne5 14. Qxd6 {1-0 Minko,J-Sumara,A/Krynica 1994/EXT 98 (46)}
) (9... f5 $5) 10. Bxd4 $1 {Weiß möchte die beste schwarze Figur, den
g7-Läufer, tauschen. Normalerweise nimmt Weiß hier automatisch mit dem
Springer wieder.} (10. Nxd4 $14) 10... Ne5 (10... Bxd4 $2 11. Qxd4 $16 {
[%csl Rd6][%cal Rf1d1,Rd1d6]}) 11. Rad1 $14 {[%cal Gd1d6] Der weiße Zielpunkt
ist der schwache d6P.} Be6 12. b3 {Weiß verteidigt den c4-Bauern und er hat
viel Zeit den d6-Bauern anzugreifen.} (12. Ng5 Qc8 (12... Bxc4 $2 13. Bxe5 $18)
(12... Nxc4 13. Bxc4 Bxc4 14. Bxg7 Kxg7 15. Qd4+ f6 16. Nxh7 Kxh7 (16... Bxf1
17. Nxf8 $16) 17. Qxc4 $16) (12... c5 13. Nxe6 fxe6 14. Be3 Nf7 15. Bg4 Qd7 16.
Bxc5 $16) 13. Bxe5 Bxe5 (13... dxe5 14. Qd6 $16) 14. f4 Bxc3 15. Qxc3 $16)
12... c5 (12... Qc7 13. Ng5 $16) (12... f6 13. Be3 Nf7 14. Nd4 $16) (12... Qa5
13. Nd5 Qd8 14. Nf4 $14) 13. Be3 {Nach 12...c5 hat Weiß einen neuen Zielpunkt
im schwarzen Lager - das d5-Feld ist eine weitere Schwächung.} (13. Bxe5 Bxe5 (
13... dxe5 14. Qg5 Qe8 15. Qe3 (15. Nxe5 $4 f6 $19) 15... Qc6 16. Nd5 $14) 14.
Nxe5 dxe5 15. Qe3 Qa5 $11) 13... Nxf3+ 14. Bxf3 Be5 15. Be2 {[%cal Gf2f4,Gf4e5]
Jetzt droht 16.f4, wonach der e5B, die Unterstützung des d6-Bauern aufgeben
muss.} a6 16. f4 Bg7 17. Na4 {[%csl Rd6][%cal Rd1d6] Weiß geht weg mit dem
c3-Springer und jetzt hängt der d6P.} (17. Qe1 $14) 17... Rb8 (17... Nc8 18.
Nxc5 $18) 18. Qxd6 Bd4 {Mit diesem Zwischenzug gewinnt Schwarz die Qualität,
aber Weiß bekommt den zweiten Bauern mit überlegener Stellung.} (18... Qxd6 19.
Rxd6 $16) 19. Rxd4 cxd4 20. Qxd4 Qxd4 21. Bxd4 $16 {[%csl Gc4,Gd4,Ge2,Ge4,Gf4]
Weiß hat das Läuferpaar und ein starkes Bauernzentrum. Die dunkelfarbigen
Punkte in der schwarzen Stellung sind schwach.} Rfd8 {[%mdl 1024]} (21... b5
22. Nc5 $16) 22. Be5 (22. Be3 Nc6 23. Nb6 $16) 22... Rbc8 (22... Ra8 23. Nb6
Ra7 24. Nd5 $16) 23. Nb6 Rc5 24. Nd5 Nxd5 25. exd5 (25. cxd5 $16) 25... Bf5 26.
Kf2 {[%cal Gf2e3,Ge3d4][%mdl 4096] Der König strebt nach d4, Schwarz hat kein
Gegenspiel.} (26. g4 $16) 26... Re8 (26... b5 27. g4 $16) 27. g4 Bd7 (27... Be4
28. Ke3 f5 29. b4 Rcc8 30. gxf5 Bxf5 31. c5 $16) 28. g5 {Mit diesem Zug
gewinnt Weiß weiter Raum und im folgenden kann er seine Bauernmasse am
Damenflügel mobilisieren.} Rcc8 (28... Bf5 29. b4) 29. Ke3 h5 30. Kd4 {Weiß
spielt natürlich nicht 30.gxh6, wonach Schwarz 30...f6 spielen könnte.} Kf8 31.
Bd3 Bh3 32. Rf2 Ke7 33. f5 Rg8 (33... Bxf5 34. Bxf5 gxf5 35. c5 Rg8 36. Rxf5
$16) 34. d6+ $18 {Die weiße Aktivität entscheidet die Partie.} Ke8 35. fxg6
Rxg6 (35... fxg6 36. Be4 b6 37. Rf6 Bf5 38. Bd5 Rf8 39. b4 $18 {[%cal Gc4c5]})
36. Bxg6 fxg6 37. Rf6 Bf5 38. Kd5 {Jetzt droht 39.Rxf5 gxf5 40.Ke6 mit
sofortigem Gewinn.} (38. Rxf5 gxf5 39. g6 $18) 38... Bb1 39. Rf2 a5 40. Ke6 Rd8
41. Bg7 (41. Bg7 Bf5+ 42. Rxf5 gxf5 43. Bf6 $18) 1-0

[Event "FRA-chT Top 16 GpA"]
[Site "Mulhouse"]
[Date "2005.02.05"]
[Round "2"]
[White "Vallejo Pons, Francisco"]
[Black "Galdunts, Sergey"]
[Result "1-0"]
[WhiteElo "2686"]
[BlackElo "2489"]
[Annotator "Ribli,Z"]
[PlyCount "57"]
[EventDate "2005.02.04"]
[EventType "team"]
[EventRounds "7"]
[EventCountry "FRA"]
[SourceTitle "CBM 106"]
[Source "ChessBase"]
[SourceDate "2005.06.06"]
[SourceVersion "1"]
[SourceVersionDate "2005.06.06"]
[SourceQuality "1"]

1. e4 g6 2. d4 Bg7 3. c4 d6 4. Nc3 Nc6 {Statt dem Textzug kann Schwarz mit 4...
Nd7, 4...c6 und 4...e5 fortsetzen, jedoch erachte ich 4...Nf6 für den besten
Zug, mit dem in die Königsindische Verteidigung übergeleitet wird.} 5. Nge2 (5.
d5 Nd4 6. Be3 {Das ist die theoretische Hauptvariante, die Weiß gute
Aussichten auf Eröffnungsvorteil gibt.}) 5... e5 6. d5 Nce7 7. h4 {Mit diesem
Zug plant Weiß entweder selbst 8.h5 oder 7...h5 zu provozieren, wonach f7-f5
weniger gut ist wegen der Schwächung von g5.} (7. Ng3) 7... f5 (7... h5 8. g3
$5 Nh6 9. Bg2 O-O 10. O-O a5 11. Nb5 b6 12. Nec3 Kh7 13. Bd2 Nhg8 14. a3 Bh6
15. f4 {1-0 Cooper,J-Thomas,R/West Bromwich 2004/CBM 103 ext (55)}) (7... Nf6
8. f3 h5 $5) 8. h5 (8. exf5 gxf5 9. Ng3 Nf6 10. Nh5 Nxh5 11. Qxh5+ Ng6 12. Bg5
Qd7 13. O-O-O Qf7 14. Qe2 h6 15. Bd2 O-O 16. h5 Nh8 17. f3 f4 18. Ne4 {1-0
Ravelo,E-Gonzales,R/Havana 1994/EXT 97 (29)}) 8... f4 (8... Nh6 9. g3 c5 10. f3
Bd7 11. Be3 Nf7 12. Qd2 a6 13. Nc1 Rb8 14. a3 Qc7 {1-0 Blanco Fernandez,
A-Berry,J/Merida 2003 (45)}) (8... Nf6 9. h6 Bf8 10. Bg5 Nxe4 11. Nxe4 fxe4 12.
Nc3 $16) 9. hxg6 (9. g3 g5) 9... hxg6 (9... Nxg6 10. g3 $36) 10. Rxh8 Bxh8 11.
g3 $1 $14 {[%mdl 4] Weiß sprengt die schwarze Bauernkette.} fxg3 (11... g5 $2
12. Nxf4 $1 $18) 12. Nxg3 {[%csl Rh8] Nach der Eröffnungsphase erlangt Weiß
deutlichen Raum- und Positionsvorteil, während die schwarzen Figuren,
besonders der Bh8, passiv stehen.} Nf6 13. Be2 Qd7 {Dieser Zug scheint etwas
sonderbar, aber Schwarz möchte lang rochieren.} 14. Bg5 (14. Be3 $14) 14...
Neg8 15. Qd2 (15. c5 dxc5 16. Bb5 c6 17. dxc6 bxc6 18. Bc4 $16) (15. Qb3 $16)
15... Qf7 16. O-O-O (16. Nb5 a6 17. Qa5 b6 18. Qa4 Kd8 19. Qa3 $16 (19. b4 $16)
) 16... Bd7 17. Nb5 $1 {[%mdl 32] Eine gute strategische Idee von Weiß: es
"hängt" der Pc7, so dass Schwarz den Springer nehmen muss, wonach Weiß
deutlichen Raumvorteil am Damenflügel und Angriffschancen auf der c-Linie
besitzt} Bxb5 (17... Rc8 18. Qa5 $1 $18 (18. Nxa7 Ra8 19. Rh1 Bg7 20. Qe3 b6
$132)) 18. cxb5 O-O-O 19. Kb1 $1 $16 {[%csl Ge2,Ye6,Rh8] Weiß bereitet Rc1 vor.
Er verfügt über das Läuferpaar, Raumvorteil und Initiative am Damenflügel.
Schwarz hingegen besitzt kein Gegenspiel und seine weißen Felder sind sehr
schwach.} Rf8 20. a4 {Weiß bringt neue Kraft in seinen Angriff.} (20. Qa5 Kb8
21. Be3 b6 22. Qa6 Bg7 23. Rd3 Ne7) 20... Kb8 21. a5 Ne7 {[%cal Ge7c8]} 22. Qc2
Nc8 23. Rc1 (23. a6 $16) 23... Qd7 24. Nf1 $1 {[%cal Gf1d2,Gd2b3,Gd2c4,Gf1e3,
Ge3c4] Mit dem folgenden Manöver bringt Weiß am Damenflügel den Springer ins
Spiel.} Rf7 25. Nd2 Ng4 26. a6 (26. Bxg4 Qxg4 27. Be3 $16) 26... Nxf2 (26... b6
$2 27. Bxg4 Qxg4 28. Qc6 $18) 27. Nb3 (27. axb7 $1 Nb6 (27... Kxb7 28. Qc6+ Kb8
29. Rf1 $18) 28. Be3 Nh3 29. Bxb6 axb6 30. Qa4 Kxb7 31. Rc3 $18 {[%csl Rb7]
[%cal Rc3h3,Rc3a3,Ra3a8]}) 27... b6 $2 (27... Nh3 28. Be3 $40) 28. Rf1 $18 {
[%csl Rf2]} c5 29. bxc6 1-0

[Event "Munich SKA"]
[Site "Munich"]
[Date "1992.??.??"]
[Round "8"]
[White "Hertneck, Gerald"]
[Black "Hansen, Curt"]
[Result "1-0"]
[WhiteElo "2530"]
[BlackElo "2620"]
[Annotator "Ribli,Z"]
[PlyCount "65"]
[EventDate "1992.05.??"]
[EventType "tourn"]
[EventRounds "11"]
[EventCountry "GER"]
[EventCategory "14"]
[SourceTitle "CBM 030"]
[Source "ChessBase"]
[SourceDate "1992.10.01"]
[SourceVersion "1"]
[SourceVersionDate "1992.10.01"]
[SourceQuality "1"]

1. Nf3 g6 2. d4 Bg7 3. c4 d6 4. Nc3 e5 5. e4 Bg4 (5... Nc6 6. Bg5 (6. dxe5 $5)
6... f6 7. Be3 Nh6 8. dxe5 dxe5 9. Qxd8+ Kxd8 10. O-O-O+ Bd7 11. h3 Kc8 12. c5
Nf7 13. Bc4 $14 {Karpov,An-Seirawan,Y Roquebrune 30' 1992 CBM/28}) 6. d5 a5 (
6... Nh6 7. h3 (7. Be2 $5) 7... Bxf3 8. Qxf3 O-O 9. g4 f5 10. gxf5 gxf5 11. Rg1
f4 $13 {Lputian,S-Azmayparashvili,Z Dortmund-A 1990 CBM/18}) 7. Be2 Ne7 8. a3
O-O 9. O-O Nd7 10. Bd2 (10. Be3 $5) 10... Nc5 11. Be3 Bxf3 (11... f5 12. Bxc5
$1 dxc5 13. Ng5 $16) 12. Bxf3 f5 $2 13. Bxc5 $1 dxc5 14. Na4 b6 (14... Qd6 15.
b4 $1 axb4 16. axb4 cxb4 17. c5 $16) 15. d6 $1 cxd6 16. exf5 d5 (16... Rb8 17.
fxg6 $16) 17. Bxd5+ Nxd5 18. Qxd5+ Qxd5 19. cxd5 Rxf5 20. Nxb6 Rb8 21. Nc4 $18
e4 22. d6 Rd5 23. Rad1 Bd4 24. Rfe1 a4 25. Rd2 Rf8 26. g3 Rdf5 27. Rxe4 Bxf2+
28. Kg2 Bd4 29. Re7 g5 30. d7 h5 31. Re8 Rd5 32. Nb6 Rd6 33. Nxa4 1-0